Marvel Comics: Members of the Sinister Syndicate by Picture - Statistics

General Stats
  • This quiz has been taken 28 times
    27 since last reset
  • The average score is 9 of 11
Answer Stats
Picture Answer % Correct
Doctor Octopus
100%
Electro Max Dillon
100%
Rhino
100%
Shocker
96%
Hydro-Man
91%
Boomerang
87%
Tombstone
87%
Beetle (Abner Jenkins)
78%
Constrictor
43%
Speed Demon
43%
Beetle (Leila Davis)
26%
No matching quizzes found
Score Distribution
Percent of People with Each Score
Percentile by Number Answered
Your Score History
You have not taken this quiz since the last reset